| 000 | 00434nam a2200205Ia 4500 | ||
|---|---|---|---|
| 001 | 12794 | ||
| 003 | GE_BSU | ||
| 008 | 181216s||||||||xx |||||||||||||| ||und|| | ||
| 020 | _a0006512054 | ||
| 040 | _cGE_BSU | ||
| 080 | _a821.111-32 | ||
| 100 | _aStarlinc,Boris. | ||
| 245 | _aStorm. | ||
| 260 | _aLondon. | ||
| 260 | _bHarper Collins Publishers. | ||
| 260 | _c2000 | ||
| 300 | _a476p;18cm. | ||
| 653 | _aStorm. | ||
| 942 | _cBK | ||
| 999 |
_c45965 _d45965 |
||